000 02255nam0a2200397 4500
001 RU\NLR\bibl\1852581
005 20260407224141.0
010 _a978-5-7972-1618-6
_9500
021 _aRU
_b2011-98235
_97035
035 _a(nilc)RSL-KNO-005114185
035 _a(NLR Aleph) 001842524
090 _a2291875
_c2291875
100 _a20111216d2010 |||y0rusy50 ca
101 0 _arus
102 _aRU
105 _aa |||||||||
200 1 _aСегментация финансового рынка и российские экономические реалии
_eмонография
_f[Наливайский Валерий Юрьевич, д.э.н., проф., Иванченко Игорь Сергеевич, д.э.н., доц., Лахно Юлия Викторовна, к.э.н. и др.]
_gпод ред. проф. В.Ю. Наливайского
_gМ-во образования и науки Рос. Федерации, Гос. образоват. учреждение высш. проф. образования "Рост. гос. экон. ун-т (РИНХ)", НИИ
210 _aРостов-на-Дону
_cредакционно-издательский центр РГЭУ(РИНХ)
_d2010
215 _a199 с.
_cил.
_d20
300 _aАвт. указаны на обороте тит. л.
300 _aНа обл.: РГЭУ, 80 лет
320 _aБиблиогр.: с. 173-177 (79 назв.) и в подстроч. прим.
606 1 _aРынки финансовые
_yРоссийская Федерация
_92189101
_3RU\NLR\auth\661316010
686 _aУ9(2)262.29,0
_2rubbk
686 _aУ26(2)229.5
701 1 _aНаливайский
_bВ. Ю.
_gВалерий Юрьевич
_4070
701 1 _aИванченко
_bИ. С.
_gИгорь Сергеевич
_4070
701 1 _aЛахно
_bЮ. В.
_gЮлия Викторовна
_4070
712 0 2 _4570
_aРостовский государственный экономический университет
_cРостов-на-Дону
_bНИИ
_3RU\NLR\AUTH\8810152251
_9799273
801 0 _aRU
_bRuMoRKP
_c20111216
_grcr
801 1 _aRU
_bРГБ
_c20111216
801 2 _aRU
_bNLR
_c20111223
_grcr
942 _cBOOK
980 _aNB